000 01033nam a22003137a 4500
003 CHAP
005 20220329135727.0
008 971013s1959 r 00010 d
010 _a41143
011 _a42115
035 _a46242
040 _cCHAP
090 _aFolleto 1009
100 0 0 _aMukumoto, Tsutomu.
_979410
245 _aAgricultural machinery and implements in Japan
260 _aTokyo :
_bAgriculture, Forestry and Fisheries Productivity conference,
_c1959
300 _a74 p.
_b: ilus
490 _aAgricultural development series
_v; 10
590 _aBATCH-UPD
_b10
_c20130110
_lUCH01
_h0210
590 _aBATCH-UPD
_b10
_c20130110
_lUCH01
_h2151
590 _aBATCH-UPD
_b10
_c20130410
_lUCH01
_h1459
590 _aBATCH-UPD
_b10
_c20130914
_lUCH01
_h1758
590 _aCONVERSION
_b10
_c20130109
_lUCH01
_h1323
650 1 4 _aMaquinaria agrícola
_xJapón.
_971181
830 0 _aAgricultural development series
_v; 10
_92086
901 _aBK
942 _cFOLL
949 _aFolleto 1009
_bBC
_cFOLL
_d-105391
_eTS1
_i46242
_si
999 _c41143
_d41143